The Additional emoluments (Compulsory Deposit) Act, 1974 with notification (Record no. 4695)

MARC details
000 -LEADER
fixed length control field 00511nam a2200169Ia 4500
003 - CONTROL NUMBER IDENTIFIER
control field IN-BaIIA
008 - FIXED-LENGTH DATA ELEMENTS--GENERAL INFORMATION
fixed length control field 211028s9999 xx 000 0 eng d
040 ## - CATALOGING SOURCE
Transcribing agency IIA Library
080 ## - UNIVERSAL DECIMAL CLASSIFICATION NUMBER
Universal Decimal Classification number 331.2
Item number SIT
110 ## - MAIN ENTRY--CORPORATE NAME
Corporate name or jurisdiction name as entry element India .C Sitaraman and Company
9 (RLIN) 8319
245 #4 - TITLE STATEMENT
Title The Additional emoluments (Compulsory Deposit) Act, 1974 with notification
Statement of responsibility, etc. C Sitaraman and Company
260 ## - PUBLICATION, DISTRIBUTION, ETC.
Place of publication, distribution, etc. Madras
Name of publisher, distributor, etc. C. Sitaraman
Date of publication, distribution, etc. 1974
300 ## - PHYSICAL DESCRIPTION
Extent 27p.
650 ## - SUBJECT ADDED ENTRY--TOPICAL TERM
Topical term or geographic name entry element  Pay and Emoluments
9 (RLIN) 8320
650 ## - SUBJECT ADDED ENTRY--TOPICAL TERM
Topical term or geographic name entry element NASA Thesaurus 
942 ## - ADDED ENTRY ELEMENTS (KOHA)
Koha item type Books
Holdings
Withdrawn status Lost status Damaged status Not for loan Home library Current library Shelving location Date acquired Cost, normal purchase price Total Checkouts Full call number Barcode Date last seen Cost, replacement price Price effective from Koha item type Purchase Price
        IIA Library-Bangalore IIA Library-Bangalore General Stacks 02/04/1975 2.50   331.2/ SIT 5247 05/11/2021 2.50 02/04/1975 Books Rs. 2.50

Powered by Koha